00317nam a2200121Ia 45000010005000000080041000050820020000461000019000662450044000852600025001299010026001549990015001802175241024s9999 xx 000 0 und d aRD/972.93/L817i aAngel Lockward 0aLa Isla al Derechoy cada uno en su lado bEd. Centenarioc1999 a9/3/2012 8:59:27 a.m. c7594d7594